| 000 | 00710cam a2200229 i 4500 | ||
|---|---|---|---|
| 999 |
_c6751 _d6751 |
||
| 001 | 736 | ||
| 003 | BD-DhUAP | ||
| 005 | 20210225125015.0 | ||
| 008 | 210106s1983 ii a 001 0 eng | ||
| 040 |
_aDLC _cDLC _dBD-DhUAP _beng |
||
| 082 | 0 | 0 |
_a627.52 GAR _223 |
| 100 | 1 | _aGarg, Santosh Kumar. | |
| 245 | 1 | 0 |
_aIrrigation engineering and hydraulic structures : _bfor civil engineering... / _cSantosh Kumar Garg. |
| 250 | _a4th ed. | ||
| 260 |
_aNew Delhi : _bKhanna publishers, _cc1983. |
||
| 300 |
_axxxii, 1150 pages : _billustrations ; _c23 cm. |
||
| 500 | _aIncludes index. | ||
| 650 | _aIrrigation engineering. | ||
| 650 | _aHydraulic structures. | ||
| 650 | _aHydraulic engineering. | ||
| 942 |
_2ddc _cBK |
||